Estatísticas para Estados do Brasil por Tamanho

Clique aqui para jogar o quiz

Estatísticas Gerais

  • Esse quiz foi jogado 88 vezes
  • A pontuação média é 20 de 27

Estatísticas das Respostas

Resposta% Correto
Amazonas
100%
Mato Grosso
98%
Pará
98%
Minas Gerais
97%
Bahia
92%
Mato Grosso do Sul
91%
Goiás
89%
Maranhão
83%
Rio Grande do Sul
79%
Piauí
77%
Tocantins
77%
Distrito Federal
71%
Sergipe
71%
São Paulo
70%
Alagoas
68%
Rondônia
68%
Paraná
67%
Rio de Janeiro
67%
Pernambuco
65%
Roraima
65%
Ceará
64%
Acre
62%
Espírito Santo
62%
Paraíba
62%
Rio Grande do Norte
61%
Santa Catarina
61%
Amapá
59%

Distribuição das Pontuações

Percentil de Números Respondidos

Porcentagem de Pessoas com Cada Pontuação

Sua Pontuação Histórica

Você não jogou esse quiz